Most Visited Countries by Japanese - Statistics

General Stats
  • This quiz has been taken 456 times
  • The average score is 9 of 10
Answer Stats
Rank Travel destination % Correct
1 China
99%
3 United States
99%
5 France
93%
2 South Korea
93%
7 Germany
87%
4 Italy
86%
9 Spain
84%
8 Thailand
81%
6 Taiwan
75%
10 Singapore
66%
No matching quizzes found
Score Distribution
Percent of People with Each Score
Percentile by Number Answered
Your Score History
You have not taken this quiz